40 vragen over van alles en nog wat - Quiz 8 - Statistieken

Algemene statistieken
  • Deze quiz is 10 keer genomen
  • De gemiddelde score is 20 van 40
Antwoordstatistieken
Hint Antwoord % Correct
Noem de tweede grootste haven van Nederland Amsterdam
100%
Noem twee grote steden in Europa die beginnen met Bel Belgrado
100%
Welk Brits grondgebied grenst aan Spanje Gibraltar
100%
Noem de derde grootste haven van Europa Hamburg
100%
Noem de grootste haven van Europa Rotterdam
100%
Noem de tweede grootste haven van Europa Antwerpen
88%
In welke zee liggen de Finse en Botnische Golf Oostzee
88%
Noem de 3 grootste steden van Frankrijk 1 Parijs
88%
Welke Europese stad is ook een veel voorkomende vrouwelijke voornaam Sofia
88%
Noem de 3 grootste steden van Frankrijk 3 Lyon
75%
Noem de 3 grootste steden van Frankrijk 2 Marseille
75%
Noem de belangrijkste Franse wijngebieden 2 Bourgogne
63%
Hoe heet de hoogste berg van Griekenland Olympus
63%
In Frankrijk kun je drie soorten wijn drinken, noem de hoofdgroepen volledig 3 Rosé
63%
Welke hoofdstad ligt slechts 55 km ten westen van Bratislava Wenen
63%
Noem de belangrijkste Franse wijngebieden 1 Bordeaux
50%
Noem de belangrijkste Franse wijngebieden 3 Champagne
50%
Noem de belangrijkste Franse wijngebieden 6 Elzas
50%
In welk water mond de Wolga uit Kaspische Zee
50%
In Frankrijk kun je drie soorten wijn drinken, noem de hoofdgroepen volledig 1 Rode wijn
50%
Noem de vijf belangrijkste dorpen op Terschelling West-Terschelling
50%
In Frankrijk kun je drie soorten wijn drinken, noem de hoofdgroepen volledig 2 Witte wijn
50%
Noem twee grote steden in Europa die beginnen met Bel Belfast
38%
Welk dorp heeft 2 letters noem het Nederlandse dorp Ee
38%
Noem de belangrijkste Franse wijngebieden 7 Loire
38%
Noem de belangrijkste Franse wijngebieden 4 Provence
38%
Noem de belangrijkste Franse wijngebieden 5 Rhône
38%
Noem de belangrijkste Franse wijngebieden 8 met 2 woorden Languedoc-Roussillon
25%
Noem de vier dorpen op het eiland Ameland Nes
25%
Noem de vijf belangrijkste dorpen op Terschelling Oosterend
25%
Noem het enigste dorp op het eiland Vlieland Oost-Vlieland
25%
Noem de vier dorpen op het eiland Ameland Ballum
13%
Noem de vier dorpen op het eiland Ameland Buren
13%
In welk land is het woningbezit het laagste Duitsland
13%
Noem een grote haven in de Noordelijkste Provincie's Groningen Seaports
13%
Noem de vier dorpen op het eiland Ameland Hollum
13%
Noem de vijf belangrijkste dorpen op Terschelling Hoorn
13%
Noem de vijf belangrijkste dorpen op Terschelling Lies
13%
Noem de grootste haven in Zeeland North Sea Port
13%
Noem de vijf belangrijkste dorpen op Terschelling West aan Zee
13%
Geen overeenkomende quizzen gevonden
Scoreverdeling
Procent van Mensen met Elke Score
Percentiel versus Aantal Correcte Antwoorden
Uw Scoregeschiedenis
U heeft deze quiz nog niet genomen